ბათუმის შოთა რუსთაველის სახელმწიფო უნივერსიტეტის ბიბლიოთეკა

მიქაელ ფსელოსის ფილოსოფიური პოზიცია, სააზროვნო და პედაგოგიური მეთოდი : (ბიბ.ჩანაწერი № 55016)

000 -ლიდერი
ფიქსირებული სიგრძის საკონტროლო ველი 02285nam a2200313Ia 4500
001 - საკონტროლო ნომერი
საკონტროლო ველი 22090
003 - საკონტროლო ნომრის იდენტიფიკატორი
საკონტროლო ველი GE_BSU
005 - ბოლო ოპერაციის თარიღი და დრო
საკონტროლო ველი 20221021170349.0
008 - ფიქსირებული სიგრძის მონაცემთა ელემენტები - ზოგადი ინფორმაცია
ფიქსირებული სიგრძის საკონტროლო ველი 181216s ||||ge |||||||||||||| ||geo||
020 ## - წიგნის საერთაშორისო სტანდარტული ნომერი
International Standard Book Number 9994031864
040 ## - კატალოგიზაციის წყარო
Transcribing agency GE_BSU
041 ## - ენის კოდი
Language code of text/sound track or separate title geo
080 ## - უნივერსალური ათობითი კლასიფიკაციის ინდექსი
Universal Decimal Classification number 1(495)"01/04 მ-98
100 ## - მთავარი ჩანაწერი - პიროვნების სახელი
Personal name მჭედლიძე, მაგდა
9 (RLIN) 14037
245 ## - ცნობა სათაურის შესახებ
Title მიქაელ ფსელოსის ფილოსოფიური პოზიცია, სააზროვნო და პედაგოგიური მეთოდი :
Remainder of title დროისა და მარადისობის ურთიერთმიმართების პრობლემისადმი მიძღვნ. ტრაქტატების მიხედვით /
Statement of responsibility, etc მაგდა მჭედლიძე ; რედ. გ. თევზაძე.
264 ## - წარმოების, გამოცემის, დისტრიბუციის და სხვა ცნობები
გამოცემის, წარმოების, დისტრიბუციის... ადგილი თბილისი :
გამოცემის, წარმოების, დისტრიბუციის... სახელწოდება ლოგოსი,
გამოცემის, წარმოების, დისტრიბუციის... თარიღი 2006.
300 ## - ფიზიკური აღწერა
Extent 195 გვ. ;
Dimensions 25 სმ.
490 ## - სერიის ცნობა
Series statement პროგრამა "ლოგოსი". პუბლ. და ღონისძ. კლას. ფილოლ., ბიზანტ. და ნეოგრეც. სფეროში
504 ## - BIBLIOGRAPHY, ETC. NOTE
Bibliography, etc ბიბლიოგრაფია ტექსტების შენიშვნებში
520 ## - SUMMARY, ETC.
Summary, etc რეზიუმე ინგლისურ ენაზე
653 ## - INDEX TERM--UNCONTROLLED
Uncontrolled term ბიზანტიელი ფილოსოფოსები
653 ## - INDEX TERM--UNCONTROLLED
Uncontrolled term დროისა და მარადისობის ურთიერთმიმართება
653 ## - INDEX TERM--UNCONTROLLED
Uncontrolled term ბიზანტიური ფილოსოფია
653 ## - INDEX TERM--UNCONTROLLED
Uncontrolled term მიქაელ ფსელოსის ფილოსოფიური პოზიცია, სააზროვნო და პედაგოგიური მეთოდი : დროისა და მარადისობის ურთიერთმიმართების პრობლემისადმი მიძღვნ. ტრაქტატების მიხედვით
653 ## - INDEX TERM--UNCONTROLLED
Uncontrolled term ფილოსოფია
700 ## - ADDED ENTRY--PERSONAL NAME
Personal name თევზაძე, გ.
Relator term რედაქტორი
9 (RLIN) 15459
942 ## - ADDED ENTRY ELEMENTS (KOHA)
Koha item type წიგნი
Source of classification or shelving scheme
ეგზემპლარები
ჩამოწერის სტატუსი დაკარგული ეგზემპლარის სტატუსი კლასიფიკაციის წყარო ან თაროზე გაწყობის სქემა დაზიანების სტატუსი არ გაიცემა მუდმივი მდებარეობა (დაცვის ადგილი) ამჟამინდელი ადგილსამყოფელი თაროზე განთავსების ადგილი შეძენის თარიღი ღირებულება, შესყიდვის ნორმალური ფასი სრული შენახვის შიფრი შტრიხკოდი ბოლო ოპერაციის თარიღი ეგზემპლარის მიმდევრობითი ნომერი (კეტერი?) ფასის ძალაში შესვლის თარიღი ეგზემპლარის სახეობა საჯარო შენიშვნა
          ბათუმის შოთა რუსთაველის სახელმწიფო უნივერსიტეტის მთავარი ბიბლიოთეკა ბათუმის შოთა რუსთაველის სახელმწიფო უნივერსიტეტის მთავარი ბიბლიოთეკა წიგნსაცავი 2018-12-17 9.20 1(495) 56978 2018-12-17 56978 2018-12-17 წიგნი 9.20 ₾.